[Event "Reykjavik op"]
[Site "Reykjavik"]
[Date "2018.03.13"]
[Round "8"]
[White "Kvamme, Ingrid Jodre"]
[Black "Moller, Tomas"]
[Result "1-0"]
[WhiteElo "1576"]
[BlackElo "1071"]
[PlyCount "63"]
[EventDate "2018.03.06"]
[EventType "swiss"]
[EventRounds "9"]
[EventCountry "ISL"]
[SourceTitle "CBM 183 Extra"]
[Source "ChessBase"]
[SourceDate "2018.04.19"]
[SourceVersion "1"]
[SourceVersionDate "2018.04.19"]
[SourceQuality "1"]

1. Nf3 d5 2. g3 Nc6 3. Bg2 e5 4. d3 f5 5. b3 Nf6 6. c4 d4 7. 0-0 Bb4 8. a3 Be7 9. e3 dxe3 10. Bxe3 0-0 11. Nc3 a5 12. Qc2 Ng4 13. Bd2 Bc5 14. h3 Nf6 15. Rfe1 Re8 16. Nb5 Na7 17. Nxa7 Rxa7 18. Nxe5 Qd4 19. Bc3 Qd6 20. Qb2 Qb6 21. b4 axb4 22. axb4 Rxa1 23. Rxa1 Bf8 24. c5 Qe6 25. Re1 Qe7 26. Nf3 Be6 27. Ng5 Qd7 28. Bxf6 gxf6 29. Nxe6 Rxe6 30. Qb3 Kf7 31. Bd5 Kg6 32. Bxe6 1-0

[Event "Reykjavik op"]
[Site "Reykjavik"]
[Date "2018.03.06"]
[Round "1"]
[White "Kvamme, Ingrid Jodre"]
[Black "Marshall, Michael"]
[Result "1/2-1/2"]
[WhiteElo "1576"]
[BlackElo "1890"]
[PlyCount "114"]
[EventDate "2018.03.06"]
[EventType "swiss"]
[EventRounds "9"]
[EventCountry "ISL"]
[SourceTitle "CBM 183 Extra"]
[Source "ChessBase"]
[SourceDate "2018.04.19"]
[SourceVersion "1"]
[SourceVersionDate "2018.04.19"]
[SourceQuality "1"]

1. Nf3 d5 2. g3 Nf6 3. Bg2 e6 4. 0-0 Be7 5. d3 0-0 6. b3 c5 7. c4 d4 8. e3 Nc6 9. exd4 cxd4 10. Bg5 Re8 11. Nbd2 h6 12. Bxf6 Bxf6 13. Re1 e5 14. Ne4 Be7 15. a3 a5 16. Qd2 f5 17. Qc2 fxe4 18. Rxe4 Bf6 19. Rae1 Bf5 20. R4e2 Qd7 21. Nd2 Bg4 22. Re4 Bf5 23. R4e2 Kh8 24. c5 Be6 25. Nc4 Bxc4 26. Qxc4 Red8 27. b4 axb4 28. axb4 Ne7 29. b5 Rac8 30. Rc2 Nd5 31. h4 Rc7 32. Kh2 Qf7 33. Ra1 Qd7 34. c6 bxc6 35. bxc6 Qd6 36. Ra5 Ne7 37. Rb5 g5 38. h5 Kg7 39. Rb7 Rdc8 40. Qb5 Kf8 41. Rxc7 Rxc7 42. Be4 Kg7 43. Qc4 Kf8 44. Ra2 Kg7 45. Ra6 Rc8 46. Ra7 Rc7 47. Rxc7 Qxc7 48. Qe6 Qc8 49. Qd6 Qg4 50. c7 Nc8 51. Qc6 Qxh5+ 52. Kg2 Qf7 53. Bf5 Ne7 54. Qd7 h5 55. c8Q Nxc8 56. Qxc8 h4 57. Qd7 Qxd7 1/2-1/2

[Event "Helsingor Xtracon op"]
[Site "Helsingor"]
[Date "2017.07.29"]
[Round "9"]
[White "Kvamme, Ingrid Jodre"]
[Black "Meyer, Juergen"]
[Result "0-1"]
[WhiteElo "1512"]
[BlackElo "1928"]
[PlyCount "106"]
[EventDate "2017.07.22"]
[EventType "swiss"]
[EventRounds "10"]
[EventCountry "DEN"]
[SourceTitle "CBM 179 Extra"]
[Source "ChessBase"]
[SourceDate "2017.08.23"]
[SourceVersion "1"]
[SourceVersionDate "2017.08.23"]
[SourceQuality "1"]

1. Nf3 d5 2. g3 c6 3. c4 Bg4 4. Bg2 e6 5. b3 Nd7 6. 0-0 Ngf6 7. d3 Bd6 8. Bb2 0-0 9. Nbd2 Qe7 10. e4 dxe4 11. Nxe4 Nxe4 12. dxe4 e5 13. Qc2 Ba3 14. Rad1 Bxb2 15. Qxb2 Bxf3 16. Bxf3 Rfd8 17. b4 c5 18. a3 cxb4 19. axb4 Rac8 20. Bg4 Rxc4 21. Bxd7 Rxd7 22. Rxd7 Qxd7 23. Qxe5 Rc7 24. Qd5 Qxd5 25. exd5 Kf8 26. Re1 Rd7 27. Ra1 a6 28. Ra5 Ke7 29. Kg2 Kd6 30. f4 Rc7 31. Ra2 Kxd5 32. Rd2+ Kc6 33. Rd4 Kb5 34. Kf3 b6 35. Ke3 a5 36. bxa5 Kxa5 37. Kd3 b5 38. Rd8 b4 39. Ra8+ Kb5 40. Rb8+ Ka4 41. Ra8+ Kb3 42. Rb8 Ka3 43. Ra8+ Kb2 44. Kd2 b3 45. Rd8 Kb1 46. Ra8 b2 47. Ra6 Rd7+ 48. Ke2 Rd5 49. Ra7 Kc2 50. Rc7+ Kb3 51. Rb7+ Kc3 52. Rc7+ Kb4 53. Rb7+ Rb5 0-1

[Event "Helsingor Xtracon op"]
[Site "Helsingor"]
[Date "2017.07.24"]
[Round "4"]
[White "Hojgaard, Brandur"]
[Black "Kvamme, Ingrid Jodre"]
[Result "1/2-1/2"]
[WhiteElo "1747"]
[BlackElo "1512"]
[PlyCount "57"]
[EventDate "2017.07.22"]
[EventType "swiss"]
[EventRounds "10"]
[EventCountry "DEN"]
[SourceTitle "CBM 179 Extra"]
[Source "ChessBase"]
[SourceDate "2017.08.23"]
[SourceVersion "1"]
[SourceVersionDate "2017.08.23"]
[SourceQuality "1"]

1. Nf3 c5 2. c4 Nf6 3. g3 g6 4. Bg2 Bg7 5. Nc3 0-0 6. 0-0 Nc6 7. d3 a6 8. Rb1 Rb8 9. Bf4 d6 10. Qd2 b5 11. Bh6 bxc4 12. Bxg7 Kxg7 13. dxc4 Bf5 14. Rbc1 Qa5 15. Nh4 Bd7 16. f4 Rb4 17. b3 Qb6 18. f5 a5 19. fxg6 hxg6 20. Rxf6 exf6 21. Nd5 Qa7 22. Rf1 f5 23. Nxb4 cxb4+ 24. Kh1 Qc5 25. Rd1 Be6 26. Nf3 Rd8 27. Ng5 Ne5 28. Nxe6+ fxe6 29. Bf3 1/2-1/2

[Event "Reykjavik op"]
[Site "Reykjavik"]
[Date "2017.04.26"]
[Round "9"]
[White "Kvamme, Ingrid Jodre"]
[Black "Fjallheim, Elmar Reinert"]
[Result "1/2-1/2"]
[WhiteElo "1444"]
[BlackElo "1691"]
[PlyCount "85"]
[EventDate "2017.04.19"]
[EventType "swiss"]
[EventRounds "10"]
[EventCountry "ISL"]
[SourceTitle "CBM 178 Extra"]
[Source "ChessBase"]
[SourceDate "2017.06.22"]
[SourceVersion "1"]
[SourceVersionDate "2017.06.22"]
[SourceQuality "1"]

1. Nf3 Nf6 2. g3 g6 3. Bg2 Bg7 4. 0-0 0-0 5. c4 d6 6. Nc3 Nbd7 7. d3 e5 8. Rb1 c6 9. b4 Rb8 10. b5 c5 11. Ne1 Nb6 12. Nc2 d5 13. cxd5 Nbxd5 14. Bb2 Re8 15. Nxd5 Nxd5 16. Na3 Nb4 17. Qb3 a6 18. bxa6 bxa6 19. Nc4 Qe7 20. Rfc1 Nc6 21. Qa3 Nd4 22. Bxd4 Rxb1 23. Rxb1 exd4 24. Bf3 Bf8 25. Qa5 Qa7 26. Nb6 Be6 27. Nd5 Bxd5 28. Bxd5 Rxe2 29. Rb7 Qa8 30. Re7 Re1+ 31. Rxe1 Qxd5 32. Qxa6 Qg5 33. Re8 Kg7 34. Qc4 h5 35. h4 Qg4 36. a4 Bd6 37. Qd5 Bxg3 38. fxg3 Qxg3+ 39. Qg2 Qxd3 40. Qe2 Qg3+ 41. Kf1 Qh3+ 42. Kg1 Qg3+ 43. Kf1 1/2-1/2

[Event "Reykjavik op"]
[Site "Reykjavik"]
[Date "2017.04.25"]
[Round "8"]
[White "Leosson, Atli Johann"]
[Black "Kvamme, Ingrid Jodre"]
[Result "1-0"]
[WhiteElo "1773"]
[BlackElo "1444"]
[PlyCount "57"]
[EventDate "2017.04.19"]
[EventType "swiss"]
[EventRounds "10"]
[EventCountry "ISL"]
[SourceTitle "CBM 178 Extra"]
[Source "ChessBase"]
[SourceDate "2017.06.22"]
[SourceVersion "1"]
[SourceVersionDate "2017.06.22"]
[SourceQuality "1"]

1. e4 c5 2. Nf3 g6 3. d4 cxd4 4. Nxd4 Nc6 5. Bc4 Bg7 6. Be3 Nf6 7. Nc3 Qa5 8. 0-0 0-0 9. Nb3 Qd8 10. Qd2 Re8 11. Bh6 Bh8 12. Qf4 d6 13. Rad1 Ne5 14. Bb5 Bd7 15. Bxd7 Qxd7 16. Qc1 Qc6 17. Nd4 Qc4 18. h3 Rac8 19. Qe3 a6 20. f4 Nc6 21. Nxc6 Rxc6 22. f5 Qc5 23. Qxc5 Rxc5 24. Rd3 Rec8 25. Rdf3 b5 26. fxg6 fxg6 27. Nd5 Re8 28. c3 Nd7 29. Nxe7+ 1-0

[Event "EU-ch U14 Girls 26th"]
[Site "Prague"]
[Date "2016.08.19"]
[Round "2"]
[White "Merkesvik, Amalie Isabel"]
[Black "Kvamme, Ingrid Jodre"]
[Result "1-0"]
[WhiteElo "1639"]
[BlackElo "1486"]
[PlyCount "53"]
[EventDate "2016.08.18"]
[EventType "swiss"]
[EventRounds "9"]
[EventCountry "CZE"]
[SourceTitle "CBM 174 Extra"]
[Source "ChessBase"]
[SourceDate "2016.10.10"]
[SourceVersion "1"]
[SourceVersionDate "2016.10.10"]
[SourceQuality "1"]

1. e4 c5 2. Nf3 g6 3. d4 cxd4 4. Nxd4 Bg7 5. Be3 Nc6 6. c4 Nf6 7. Nc3 0-0 8. Be2 d6 9. 0-0 Bd7 10. Rb1 Nxd4 11. Bxd4 Bc6 12. f3 a5 13. Qd2 Nd7 14. Bxg7 Kxg7 15. f4 Nc5 16. Bf3 Re8 17. Kh1 Qd7 18. b3 b5 19. cxb5 Bxb5 20. Be2 Bc6 21. Bf3 Qb7 22. Rbc1 Nxe4 23. Nxe4 Bxe4 24. Qd4+ f6 25. Qxe4 Qd7 26. Qb7 Qe6 27. Rce1 1-0

[Event "Alesund Grand Prix"]
[Site "Alesund"]
[Date "2016.04.02"]
[Round "4"]
[White "Kvamme, Ingrid Jodre"]
[Black "Merkesvik, Sondre"]
[Result "0-1"]
[WhiteElo "1478"]
[BlackElo "2296"]
[PlyCount "78"]
[EventDate "2016.04.02"]
[EventType "swiss"]
[EventRounds "6"]
[EventCountry "NOR"]
[SourceTitle "EXT 2024"]
[Source "ChessBase"]
[SourceDate "2023.10.10"]
[SourceVersion "1"]
[SourceVersionDate "2023.10.10"]
[SourceQuality "1"]

1. Nf3 Nf6 2. g3 d5 3. c4 g6 4. Bg2 Bg7 5. d3 0-0 6. cxd5 Nxd5 7. 0-0 b6 8. Nbd2 Bb7 9. Nc4 c5 10. Rb1 Nc6 11. Bd2 Rc8 12. Qb3 e6 13. Bc3 Nxc3 14. bxc3 Qf6 15. Rbc1 Rfd8 16. Nfd2 Qe7 17. Ne4 h6 18. Rfd1 Kh7 19. Qb5 f5 20. Ned2 Bxc3 21. Rxc3 Nd4 22. Qb2 Nxe2+ 23. Kf1 Bxg2+ 24. Kxe2 Qg5 25. Rg1 Qh5+ 26. f3 Qxh2 27. Re1 Qxg3 28. Ne3 Bh3 29. Kd1 f4 30. Nec4 Bf5 31. Ne5 Rd4 32. Ne4 Bxe4 33. Rxe4 Rxe4 34. dxe4 Rd8+ 35. Kc2 Qf2+ 36. Kb3 Rd2 37. Rc2 Rxc2 38. Qxc2 Qxc2+ 39. Kxc2 h5 0-1

[Event "Reykjavik op"]
[Site "Reykjavik"]
[Date "2016.03.13"]
[Round "7"]
[White "Kvamme, Ingrid Jodre"]
[Black "Danielsson, Sigurdur G"]
[Result "1/2-1/2"]
[WhiteElo "1473"]
[BlackElo "1763"]
[PlyCount "99"]
[EventDate "2016.03.08"]
[EventType "swiss"]
[EventRounds "10"]
[EventCountry "ISL"]
[SourceTitle "CBM 171 Extra"]
[Source "ChessBase"]
[SourceDate "2016.04.26"]
[SourceVersion "1"]
[SourceVersionDate "2016.04.26"]
[SourceQuality "1"]

1. Nf3 d5 2. c4 d4 3. d3 c5 4. g3 Nc6 5. Bg2 e5 6. 0-0 Bd6 7. e3 Nf6 8. exd4 cxd4 9. Bg5 h6 10. Bxf6 Qxf6 11. a3 Bg4 12. Nbd2 Qe7 13. Re1 0-0 14. Ne4 Bc7 15. b4 f5 16. Nc5 Rae8 17. Qc2 b6 18. Nb3 Qd6 19. Qd2 Rd8 20. b5 e4 21. dxe4 fxe4 22. Rxe4 Bxf3 23. Bxf3 Rxf3 24. bxc6 d3 25. Rae1 Rdf8 26. Re7 R8f7 27. Rxf7 Rxf7 28. Qc3 a5 29. Re3 Qxc6 30. Qxd3 Rd7 31. Qe2 Rd8 32. Re7 Qd6 33. Re8+ Kf7 34. Rxd8 Bxd8 35. a4 Bf6 36. Qd2 Qc6 37. Qf4 g5 38. Qf5 Qxc4 39. Qd7+ Kg6 40. Qe8+ Qf7 41. Qe4+ Kg7 42. Nd4 Bxd4 43. Qxd4+ Qf6 44. Qd7+ Kg6 45. Qe8+ Kf5 46. Qb5+ Ke4 47. Qc4+ Qd4 48. Qc6+ Qd5 49. Qxb6 Qd7 50. Kg2 1/2-1/2

[Event "Reykjavik op"]
[Site "Reykjavik"]
[Date "2016.03.09"]
[Round "2"]
[White "Birkisson, Bjorn Holm"]
[Black "Kvamme, Ingrid Jodre"]
[Result "1-0"]
[WhiteElo "1929"]
[BlackElo "1473"]
[PlyCount "49"]
[EventDate "2016.03.08"]
[EventType "swiss"]
[EventRounds "10"]
[EventCountry "ISL"]
[SourceTitle "CBM 171 Extra"]
[Source "ChessBase"]
[SourceDate "2016.04.26"]
[SourceVersion "1"]
[SourceVersionDate "2016.04.26"]
[SourceQuality "1"]

1. c4 c5 2. g3 Nf6 3. Bg2 g6 4. Nc3 Bg7 5. Nf3 Nc6 6. d4 cxd4 7. Nxd4 0-0 8. 0-0 Nxd4 9. Qxd4 d6 10. Qd3 a5 11. e4 Nd7 12. b3 Nc5 13. Qc2 Bd7 14. Bb2 Bc6 15. Rad1 Qc7 16. f4 Rad8 17. g4 b6 18. g5 Qb7 19. Nd5 Bxd5 20. cxd5 Rc8 21. Bxg7 Kxg7 22. Rf3 Qd7 23. Bh3 e6 24. f5 Qe7 25. f6+ 1-0

[Event "NOR-ch U14"]
[Site "Bergen"]
[Date "2015.11.??"]
[Round "6"]
[White "Kristiansen, Truls Bjorkli"]
[Black "Kvamme, Ingrid Jodre"]
[Result "1/2-1/2"]
[WhiteElo "852"]
[BlackElo "1285"]
[PlyCount "57"]
[EventDate "2015.11.13"]
[EventType "swiss"]
[EventRounds "7"]
[EventCountry "NOR"]
[SourceTitle "EXT 2024"]
[Source "ChessBase"]
[SourceDate "2023.10.10"]
[SourceVersion "1"]
[SourceVersionDate "2023.10.10"]
[SourceQuality "1"]

1. e4 c5 2. Nf3 Nc6 3. d4 cxd4 4. Nxd4 g6 5. Nc3 Bg7 6. Be3 Nf6 7. Bb5 a6 8. Ba4 0-0 9. 0-0 b5 10. Bb3 Bb7 11. Re1 d6 12. Bd5 Nxd5 13. exd5 Ne5 14. Nf3 Rc8 15. Nxe5 Bxe5 16. Bd4 Bxd4 17. Qxd4 Rc4 18. Qd3 Qd7 19. a4 Rfc8 20. Re4 Rxe4 21. Qxe4 bxa4 22. Rxa4 Rc5 23. Rc4 Qc7 24. Rxc5 Qxc5 25. Qxe7 Bxd5 26. Nxd5 Qxd5 27. Qe2 a5 28. b3 Kg7 29. f3 1/2-1/2

[Event "Politiken Cup 37th"]
[Site "Helsingor"]
[Date "2015.07.30"]
[Round "7"]
[White "Nielsen, Kai Gylling"]
[Black "Kvamme, Ingrid Jodre"]
[Result "1-0"]
[WhiteElo "1761"]
[BlackElo "1351"]
[PlyCount "71"]
[EventDate "2015.07.25"]
[EventType "swiss"]
[EventRounds "10"]
[EventCountry "DEN"]
[SourceTitle "CBM 167 Extra"]
[Source "ChessBase"]
[SourceDate "2015.09.14"]
[SourceVersion "1"]
[SourceVersionDate "2015.09.14"]
[SourceQuality "1"]

1. e4 c5 2. Nf3 Nc6 3. d4 cxd4 4. Nxd4 g6 5. c3 Bg7 6. Be3 Nf6 7. Nd2 0-0 8. Be2 d5 9. Nxc6 bxc6 10. e5 Ne8 11. f4 Bf5 12. g4 Bd7 13. 0-0 Nc7 14. Qc2 Nb5 15. a4 Nc7 16. Bd4 e6 17. Rf3 Qe7 18. b4 Rfb8 19. Bc5 Qd8 20. Nf1 a5 21. Ng3 Bc8 22. f5 exf5 23. gxf5 Bxe5 24. fxg6 hxg6 25. Raf1 Be6 26. Bd3 Qg5 27. Be3 Qg4 28. Qf2 Rf8 29. Bc5 Rfe8 30. Kh1 axb4 31. Rg1 Qh4 32. cxb4 Na6 33. Bxa6 Rxa6 34. a5 d4 35. Rf1 f5 36. Qg1 1-0

[Event "Politiken Cup 37th"]
[Site "Helsingor"]
[Date "2015.07.27"]
[Round "4"]
[White "Kvamme, Ingrid Jodre"]
[Black "Birkestrand, Odd Helge"]
[Result "0-1"]
[WhiteElo "1351"]
[BlackElo "1698"]
[PlyCount "62"]
[EventDate "2015.07.25"]
[EventType "swiss"]
[EventRounds "10"]
[EventCountry "DEN"]
[SourceTitle "CBM 167 Extra"]
[Source "ChessBase"]
[SourceDate "2015.09.14"]
[SourceVersion "1"]
[SourceVersionDate "2015.09.14"]
[SourceQuality "1"]

1. Nf3 f5 2. c4 Nf6 3. g3 e6 4. Bg2 Be7 5. 0-0 0-0 6. Nc3 d6 7. d3 Nc6 8. Bd2 a6 9. Rb1 Qe8 10. b4 Bd8 11. a4 Ne7 12. b5 a5 13. Qb3 Kh8 14. Qb2 Qh5 15. Nd1 e5 16. e3 e4 17. dxe4 fxe4 18. Ne1 Bh3 19. Bc3 Bxg2 20. Kxg2 Ng6 21. Rg1 Be7 22. Qc2 Qg4 23. Kf1 Rf7 24. Rg2 Nd7 25. Qe2 Qe6 26. Bd4 Raf8 27. Nc2 Nge5 28. Bxe5 Nxe5 29. Na3 Qh3 30. Kg1 Nf3+ 31. Kh1 Rf6 0-1

[Event "NOR-ch U20 Girls"]
[Site "Sandnes"]
[Date "2015.02.13"]
[Round "2"]
[White "Merkesvik, Amalie Isabel"]
[Black "Kvamme, Ingrid Jodre"]
[Result "1-0"]
[WhiteElo "1262"]
[BlackElo "1091"]
[PlyCount "59"]
[EventDate "2015.02.13"]
[EventType "swiss"]
[EventRounds "6"]
[EventCountry "NOR"]
[SourceTitle "EXT 2017"]
[Source "ChessBase"]
[SourceDate "2016.10.25"]
[SourceVersion "1"]
[SourceVersionDate "2016.10.25"]
[SourceQuality "1"]

1. e4 c5 2. Nf3 Nc6 3. Bb5 d6 4. Bxc6+ bxc6 5. h3 Nf6 6. Nc3 g6 7. 0-0 Bg7 8. Re1 0-0 9. e5 dxe5 10. Nxe5 Qc7 11. d4 cxd4 12. Qxd4 Rd8 13. Qc4 Be6 14. Qxc6 Qxc6 15. Nxc6 Rd7 16. Ne5 Rd6 17. Bf4 Rd4 18. Nd3 Bf5 19. Rxe7 Bxd3 20. Be3 Nd5 21. Nxd5 Rxd5 22. cxd3 Rxd3 23. Bxa7 Bxb2 24. Rb1 Bf6 25. Reb7 Ra3 26. Bc5 Rxa2 27. Rb8+ Rxb8 28. Rxb8+ Kg7 29. Bf8+ Kg8 30. Bh6+ 1-0

[Event "Straume Hordalandsmesterskap GP A"]
[Site "Straume"]
[Date "2014.04.06"]
[Round "5"]
[White "Kvamme, Ingrid Jodre"]
[Black "Stormer, Egil"]
[Result "1-0"]
[WhiteElo "657"]
[BlackElo "667"]
[PlyCount "129"]
[EventDate "2014.04.04"]
[EventType "swiss"]
[EventRounds "5"]
[EventCountry "NOR"]
[SourceTitle "EXT 2024"]
[Source "ChessBase"]
[SourceDate "2023.10.10"]
[SourceVersion "1"]
[SourceVersionDate "2023.10.10"]
[SourceQuality "1"]

1. c4 e5 2. d3 Nc6 3. Nf3 Nge7 4. g3 g6 5. Bg2 Bg7 6. 0-0 0-0 7. Nc3 Nf5 8. Bd2 Re8 9. Nd5 e4 10. dxe4 Rxe4 11. Qc2 Rxe2 12. Rfe1 Rxe1+ 13. Rxe1 Ncd4 14. Nxd4 Nxd4 15. Qc1 c6 16. Nc3 b6 17. Ne4 Ba6 18. b3 Rc8 19. Nd6 Rc7 20. Re8+ Qxe8 21. Nxe8 Ne2+ 22. Kf1 Nxc1 23. Nxc7 Nxa2 24. Nxa6 b5 25. Be3 bxc4 26. bxc4 d5 27. cxd5 cxd5 28. Bxd5 Nc3 29. Bc4 Nd1 30. Bxa7 Nc3 31. Nb4 Ne4 32. Kg2 Nxg3 33. hxg3 Bf8 34. Nc6 Bd6 35. Nd8 Bxg3 36. fxg3 Kg7 37. Nxf7 h6 38. Bd4+ Kh7 39. Bd3 h5 40. Ne5 Kh6 41. Bxg6 Kg5 42. Bxh5 Kxh5 43. Kh3 Kg5 44. Nf3+ Kf5 45. Kh4 Ke4 46. Kh5 Kxf3 47. g4 Kf4 48. g5 Ke4 49. g6 Kxd4 50. g7 Ke5 51. g8Q Kd4 52. Qe6 Kd3 53. Qe5 Kc4 54. Qd6 Kc3 55. Qd5 Kb4 56. Qc6 Kb3 57. Qc5 Kb2 58. Qc4 Ka3 59. Qb5 Ka2 60. Kg4 Ka3 61. Kf3 Ka2 62. Ke2 Ka3 63. Kd2 Ka2 64. Kc2 Ka3 65. Qb3# 1-0

[Event "Straume Hordalandsmesterskap GP A"]
[Site "Straume"]
[Date "2014.04.05"]
[Round "3"]
[White "Velle, Vetle"]
[Black "Kvamme, Ingrid Jodre"]
[Result "1-0"]
[WhiteElo "618"]
[BlackElo "657"]
[PlyCount "73"]
[EventDate "2014.04.04"]
[EventType "swiss"]
[EventRounds "5"]
[EventCountry "NOR"]
[SourceTitle "EXT 2024"]
[Source "ChessBase"]
[SourceDate "2023.10.10"]
[SourceVersion "1"]
[SourceVersionDate "2023.10.10"]
[SourceQuality "1"]

1. e4 c5 2. Nc3 d6 3. d3 Nf6 4. f4 e6 5. Nf3 Be7 6. g3 Nc6 7. Bg2 b6 8. 0-0 0-0 9. h3 Bb7 10. g4 d5 11. e5 Nd7 12. g5 c4 13. h4 Bc5+ 14. d4 Bb4 15. h5 Ne7 16. h6 gxh6 17. gxh6 Ng6 18. Qe1 f6 19. Nh4 Qe8 20. Qg3 fxe5 21. Nxg6 Qxg6 22. Qxg6+ hxg6 23. fxe5 Kh7 24. Bg5 Rf5 25. Rxf5 gxf5 26. Kf2 Rg8 27. Be3 Bf8 28. Rh1 Rg6 29. Nb5 a6 30. Nd6 Bc6 31. Nf7 Nb8 32. Ng5+ Kh8 33. h7 Rg7 34. Nxe6 Rf7 35. Ng5 Re7 36. e6 Ba4 37. Nf7+ 1-0

[Event "NOR-ch U11"]
[Site "Hamar"]
[Date "2013.11.15"]
[Round "1"]
[White "Greibrokk, Maria"]
[Black "Kvamme, Ingrid Jodre"]
[Result "1-0"]
[WhiteElo "905"]
[BlackElo "605"]
[PlyCount "33"]
[EventDate "2013.11.15"]
[EventType "swiss"]
[EventRounds "7"]
[EventCountry "NOR"]
[SourceTitle "EXT 2024"]
[Source "ChessBase"]
[SourceDate "2023.10.10"]
[SourceVersion "1"]
[SourceVersionDate "2023.10.10"]
[SourceQuality "1"]

1. e4 c5 2. Nf3 Nc6 3. d4 cxd4 4. Nxd4 g6 5. Nc3 Bg7 6. Be3 Nf6 7. Bc4 0-0 8. f3 Qb6 9. Bb3 Ng4 10. fxg4 Bxd4 11. Na4 Qa5+ 12. Bd2 Qd8 13. Bh6 Re8 14. c3 Be5 15. Qf3 e6 16. 0-0 Qh4 17. Qxf7+ 1-0